Statistics for Fall Out Boy songs

Click here to take the quiz!

General Stats

  • This quiz has been taken 33 times
  • The average score is 40 of 137

Answer Stats

AlbumSongs% Correct
Dance, Dance
83%
Centuries
78%
Sugar, We're Going Down
78%
Save Rock And Roll
70%
I Don't Care
65%
Young Volcanoes
65%
My Songs Know What You Did In The Dark (Light Em Up)
61%
Save Rock And RollThe Phoenix
61%
This Ain't A Scene It's An Arms Race
61%
Infinity On HighThriller
61%
American Beauty/American Psycho
57%
Saturday
57%
Uma Thurman
57%
Grand Theft Autumn / Where Is Your Boy
52%
So Much (For) Stardust
52%
Thnks fr th Mmrs
52%
A Little Less Sixteen Candles, A Little More "Touch Me"
48%
Immortals
48%
Bang The Doldrums
43%
Church
43%
Fourth Of July
43%
Golden
43%
So Much (For) StardustLove From The Other Side
43%
Novocaine
43%
From Under The Cork Tree (Limited Tour Edition)Our Lawyer Made Us Change The Name Of This Song So We Wouldn't Get Sued
43%
Rat A Tat
43%
The Last Of The Real Ones
43%
27
39%
Alone Together
39%
(Coffee's For Closers)
39%
Dead on Arrival
39%
Hold Me Like A Grudge
39%
Hum Hallelujah
39%
American Beauty/American PsychoIrresistible
39%
I Slept With Someone In Fall Out Boy And All I Got Was This Stupid Song Written About Me
39%
Jet Pack Blues
39%
Lake Effect KidLake Effect Kid
39%
Miss Missing You
39%
Twin Skeleton's (Hotel In NYC)
39%
XO
39%
20 Dollar Nose Bleed
35%
Death Valley
35%
Favorite Record
35%
G.I.N.A.S.F.S.
35%
Heartbreak Feels So Good
35%
Heaven, Iowa
35%
I've Got All This Ringing In My Ears And None On My Fingers
35%
Just One Yesterday
35%
She's My Winona
35%
"The Take Over, The Breaks Over"
35%
Where Did The Party Go
35%
Young And Menace
35%
Bishops Knife trick
30%
Champagne For My Real Friends, Real Pain For My Sham Friends
30%
Chicago Is So Two Years Ago
30%
Folie à DeuxDisloyal Order Of Water Buffaloes
30%
Get Busy Living Or Get Busy Dying (Do Your Part To Save The Scene And Stop Going To Shows)
30%
Heaven's Gate
30%
HOLD ME TIGHT OR DON'T
30%
I'm Like A Lawyer With The Way I'm Always Trying To Get You Off (Me & You)
30%
Of All The Gin Joints In All The World
30%
The Carpal Tunnel Of Love
30%
The Mighty Fall
30%
The (Shipped) Gold Standard
30%
w.a.m.s.
30%
What A Catch, Donnie
30%
Wilson (Expensive Mistakes)
30%
7 Minutes In Heaven (Atavan Halen)
26%
America's Suitehearts
26%
Calm Before the Storm
26%
Calm Before The Storm
26%
Champion
26%
Fake Out
26%
Grenade Jumper
26%
Headfirst Slide Into Copperstown On A Bad Bet
26%
Homesick at Space Camp
26%
I Am My Own Muse
26%
Nobody Puts Baby In The Corner
26%
Reinventing the Wheel to Run Myself Over
26%
Take This to Your GraveTell That Mick He Just Made My List of Things to Do Today
26%
The Music Or The Misery
26%
The Patron Saint of Liars and Fakes
26%
West Coast Smoker
26%
What A Time To Be Alive
26%
Believers Never Die - Greatest HitsBeat It
22%
Flu Game
22%
I've Got A Dark Alley And A Bad Idea That Says You Should Shut Your Mouth (Summer Song)
22%
Sending Postcards From a Plane Crash (Wish You Were Here)
22%
Sophomore Slump Or Comeback Of The Year
22%
MANIAStay Frosty Royal Milk Tea
22%
Sunshine Riptide
22%
The Kintsugi Kid (Ten Years)
22%
The Pink Seashell
22%
Tiffany Blews
22%
We Didn't Start The Fire
22%
Alpha Dog
17%
Baby Annihilation
17%
So Good Right Now
17%
Super Fade
17%
The (After) Life Of The Party
17%
The Pros and Cons of Breathing
17%
You're Crashing But You're No Wave
17%
Bob Dylan
13%
City In A Garden
13%
Dear Future Self (Hands Up^)
13%
Don't You Know Who I Think I Am?
13%
Fame < Infamy
13%
"From Now On We Are Enemies"
13%
Growing Up
13%
Evening Out With Your GirlfriendHonorable Mention
13%
Yule Shoot Your Eye Out
13%
American Made
9%
Caffeine Cold
9%
Demigods
9%
Eternal Summer
9%
Moving Pictures
9%
Pretty In Punk
9%
Short, Fast, And Loud
9%
Snitches And Talkers Get Stitches And Walkers
9%
Art Of Keeping Up Disappearances
4%
Hot To The Touch, Cold On The Inside
4%
It's Hard to Say "I Do", When I Don't
4%
Love, Sex, Death
4%
My Heart Will Always Be The B-Side to My TongueMy Heart Is The Worst Kind Of Weapon
4%
Parker Lewis Can't Lose (But I'm Gonna Give It My Best Shot)
4%
Switchblades and Infidelity
4%
The Kids Aren't All Right
4%
The World's Not Waiting (For Five Tired Boys In A Broken Down Van)
4%
It's Not A Side Effect Of Cocaine, I Am Thinking It Must Be Love
0%
I've Been Waiting
0%
Love Will Tear Us Apart
0%
PAX AM DaysWe Were Doomed From The Start (The King Is Dead)
0%

Score Distribution

Percentile by Number Answered

Percent of People with Each Score

Your Score History

You have not taken this quiz